000 00614nam a2200229Ia 4500
003 OSt
005 20230509164243.0
008 210423s2011 xx 000 0 und d
020 _a978-193611357-6
040 _cAL
041 _aeng
082 _a574.133 GROC
100 _aGRODZICKER( Terri);STEWART( David );STILLMAN( Bruce )
_9101742
245 _aMetabolism and disease
260 _aNew York
_bCold Spring Harbour Press
_c2011
300 _axviii,422p
_bPB
365 _b8165.7
_cUSD
650 _aBiology
_9101743
650 _aBiology
_9101743
906 _adisease ; Metabolism
942 _2ddc
_cBK
999 _c165762
_d165762